Statistics for The Knowing - The Weeknd Lyrics

Click here to take the quiz!

General Stats

  • This quiz has been taken 20 times
  • The average score is 144 of 153

Answer Stats

HintAnswer% Correct
a
100%
at
100%
baby
100%
baby,
100%
break
100%
But
100%
But,
100%
cry
100%
did
100%
everything
100%
heart
100%
her
100%
2x | 7x | Chorus 4x | VerseI
100%
it
100%
It's
100%
it's
100%
know
100%
let
100%
like
100%
look
100%
make
100%
me
100%
more
100%
my
100%
Now
100%
of
100%
3x | Intro 4xoh,
100%
okay
100%
probably
100%
Take
100%
that
100%
The
100%
the
100%
thought
100%
what
100%
you
100%
You
100%
ain't
93%
before
93%
I'ma
93%
merrier,
93%
taste
93%
to
93%
we're
93%
2xyeah
93%
you'd
93%
don't
87%
hurt
87%
lying
87%
nights
87%
So
87%
swear
87%
twist
87%
washing
87%
would
87%
about
80%
all
80%
And
80%
are
80%
Chorus'Cause
80%
sins
80%
they
80%
behind
73%
keep
73%
smiles
73%
these
73%
tongues
73%
dry
67%
hard
67%
Hiding
67%
ooh
67%
up
67%
ey
47%

Score Distribution

Percentile by Number Answered

Percent of People with Each Score

Your Score History

You have not taken this quiz